000 01420nam0a2200349 i 4500
001 RU\NLR\BIBL_A\010814496
005 20260405062136.0
010 _a9785446904372
_9500
021 _aRU
_b2015-48191
_92865
035 _a(NILC)RuMoRGB-007965876
035 _a(NLR Aleph) 010814496
090 _a10217670
_c10217671
100 _a20150807d2014 u y0rusy50 ca
101 0 _arus
102 _aRU
105 _aac z 000gy
200 1 _aПоэзия картин
_eзастывший образ на холсте озвучен каждой краской в лицах…
_fВладимир Тюсин
210 _aМосква
_aСанкт-Петербург
_cНестор-История
_d2014
215 _a[3], 98 с.
_cил., цв. ил., портр.
_d29
225 1 _aБиблиотечка галереи А. Шилова
300 _aНа обл. авт. не указан
600 1 _aШилов
_bА.М.
_f1943
_gАлександр Максович
_91937373
_3RU\NLR\AUTH\66885022
686 1 _aЩ143(2Р=Рус)7-8Шилов
686 2 _aШ6(2=Р)8-5
700 1 _aТюсин
_bВ. Ф.
_gВладимир Федорович
702 1 _4040
_8rus
_7ca
_aШилов
_bА.М.
_f1943-
_gАлександр Максович
_3RU\NLR\AUTH\7720961
_94027
801 0 _aRU
_bРГБ
_c20150701
_gRCR
942 _cBOOK
980 _aNBR